Statistics for World Capitals Closest to Anchorage - Two Minute Sprint

Click here to take the quiz!

General Stats

  • This quiz has been taken 28 times
  • The average score is 15 of 24

Answer Stats

kmcapitalmiles% Correct
5568Tokyo3460
96%
4926Ottawa3061
92%
6070Seoul3772
92%
5414Washington3364
92%
6000Pyongyang3728
88%
6392Beijing3972
84%
6520Helsinki4052
72%
6083Mexico City3780
72%
6450Oslo4008
72%
6576Stockholm4086
72%
5427Reykjavik3373
64%
6094Ulaanbaatar3787
60%
6934Copenhagen4309
56%
6885Dublin4278
56%
6980Guatemala City4337
52%
6588Havana4094
52%
6664Nassau4141
52%
6872Riga4270
48%
6599Tallinn4100
44%
6811Belmopan4232
40%
4521Nuuk2809
40%
5968Tórshavn3708
28%
6996Astana4347
24%
6818Majuro4237
24%

Score Distribution

Percentile by Number Answered

Percent of People with Each Score

Your Score History

You have not taken this quiz